Educational reconstruction and vocational training in the central provinces and berar: Report of the committee appointed by government to do exploratory work and to collect data for the consideration of experts on a scheme of educational reconstruction an (Record no. 1357200)

MARC details
000 -LEADER
fixed length control field 00758nam a2200181Ia 4500
005 - DATE AND TIME OF LATEST TRANSACTION
control field 20250508155500.0
008 - FIXED-LENGTH DATA ELEMENTS--GENERAL INFORMATION
fixed length control field 008 250505s9999 xx 000 0 eng d
037 ## - SOURCE OF ACQUISITION
Stock number Textual
040 ## - CATALOGING SOURCE
Original cataloging agency FEDL
Language of cataloging eng
Transcribing agency FEDL
041 ## - LANGUAGE CODE
Language code of text/sound track or separate title eng
Source of code eng
084 ## - COLON CLASSIFICATION NUMBER
Classification number 371.426, CEN
Assigning agency FEDL
245 #0 - TITLE STATEMENT
Title Educational reconstruction and vocational training in the central provinces and berar: Report of the committee appointed by government to do exploratory work and to collect data for the consideration of experts on a scheme of educational reconstruction an
245 #0 - TITLE STATEMENT
Statement of responsibility, etc. Government of the Central Provinces and Berar
260 ## - PUBLICATION, DISTRIBUTION, ETC.
Place of publication, distribution, etc. Nagpur, India
Name of publisher, distributor, etc. Government Printing
Date of publication, distribution, etc. 1937
300 ## - PHYSICAL DESCRIPTION
Extent ii,111p.
942 ## - ADDED ENTRY ELEMENTS (KOHA)
Koha item type Textual
Classification part 371.426, CEN
Holdings
Withdrawn status Lost status Damaged status Not for loan Home library Current library Date acquired Total Checkouts Full call number Barcode Date last seen Price effective from Koha item type
        Department of Education Library Department of Education Library 2025-05-08   371.426, CEN EL0042393 2025-05-08 2025-05-08 Textual
Copyright @ Delhi University Library System